Naruto Characters by Last Words - Statistics

General Stats
  • This quiz has been taken 624 times
  • The average score is 8 of 25
Answer Stats
Hint Explanation Answer % Correct
And now, not only can I not protect Master Zabuza, I cannot even do his bidding! Chapter 522 Haku
82%
I have nothing left to say to you three. Your Ino-Shika-Cho formation is complete. Chapter 534 Asuma Sarutobi
80%
You don't ever have to forgive me, and no matter what you do from here on out, remember this, I will love you always. Chapter 590 Itachi Uchiha
78%
I promise to tell Kushina everything. Chapter 691 Minato Namikaze
78%
Boss, you and Ma, please take back the intel on Pain we've gathered so far, and this corpse, and tell Tsunade— Chapter 381 Jiraiya
64%
Thank you for letting me become a mother, and Minato a father! Thank you so much! Chapter 504 Kushina Uzumaki
64%
There ain't no such things as dud in art! Chapter 589 Deidara
61%
Because you called me a genius. Chapter 614 Neji Hyūga
44%
I am expendable, a mere flower! I shall take you— Chapter 510 Konan
32%
War buddies, huh? I guess that's okay by— Chapter 691 Madara Uchiha
29%
Naruto, you must be the masterpiece that finishes this trilogy, and is so amazing that no one remembers the waste in the middle, the waste that was me! Chapter 581 Nagato
29%
Right now, we can drink as war buddies. Chapter 691 Hashirama Senju
26%
Well, though you seem not to remember me, yet again. Chapter 507 Kisame Hoshigaki
26%
For the sake of the Shinobi world, and for Konoha, I cannot let you live! Chapter 481 Danzō Shimura
25%
Your drawing has undone the bindings on my soul. Chapter 518 Shin
23%
It appears a little bit of good did come from being reanimated. Chapter 591 Dan Katō
15%
I'm not brainwashed! He's the only one who truly understands! You know nothing! Chapter 217 Kimimaro
15%
Looks like I can finally die. Chapter 591 Chiyo
10%
Remember, I am already dead, and I died human! Chapter 522 Zabuza Momochi
9%
Wait, let's not rush into— Chapter 190 Jirōbō
8%
I already told her I'd be helping you. Chapter 691 Obito Uchiha
8%
The battle has only just begun. Chapter 536 Kakuzu
5%
When you yourself pass, you must then bestow them upon another so they also live forever. Chapter 519 Sasori
5%
Even resistant, I feel pain. Chapter 532 Hanzo
3%
Heh, I'm not one to talk. Chapter 198 Kidōmaru
3%
No matching quizzes found
Score Distribution
Percent of People with Each Score
Percentile by Number Answered
Your Score History
You have not taken this quiz